| 000 | 00553nam a2200181 i 4500 | ||
|---|---|---|---|
| 001 | 161616 | ||
| 003 | ES-MaACL | ||
| 005 | 20251019063054.0 | ||
| 008 | 181210s1971 sp |||| | spa d | ||
| 080 | _a821.161.1-31"18" | ||
| 100 | 1 |
_aDostoievski, Fiódor, _d1821-1881 _9242371 |
|
| 245 | 1 | 0 |
_aNoches blancas / _cDostoievski ; [traducción V. Santiago Álvarez]. |
| 260 |
_aBarcelona : _bMateu, _c1971. |
||
| 300 |
_a172 p. ; _c17 cm. |
||
| 700 | 1 |
_aSantiago Álvarez, V. _9165733 |
|
| 852 |
_aES-MaACL _jC-40874 |
||
| 999 |
_c161616 _d161616 |
||